Fiestas galantes: romanzas sin palabras
Gespeichert in:
| 1. Verfasser: | |
|---|---|
| Format: | Buch |
| Sprache: | Undetermined |
| Veröffentlicht: |
Buenos Aires, Argentina
Glem
1944
|
| Schlagworte: | |
| Tags: |
Tag hinzufügen
Keine Tags, Fügen Sie den ersten Tag hinzu!
|
MARC
| LEADER | 00000nam a2200000Ia 4500 | ||
|---|---|---|---|
| 008 | 170316s9999 xx 000 0 und d | ||
| 040 | |a cru BVZT | ||
| 090 | |a 840 V-9f | ||
| 100 | |a Verlaine, paul | ||
| 245 | |a Fiestas galantes: romanzas sin palabras | ||
| 260 | |a Buenos Aires, Argentina | ||
| 260 | |b Glem | ||
| 260 | |c 1944 | ||
| 300 | |a 158 páginas | ||
| 650 | |a LITERATURA FRANCESA | ||
| 999 | |c 8066 |d 8066 | ||
| 942 | |c 15 D |h 840 V-9f |2 z | ||
